| 000 | 00503 a2200193 4500 | ||
|---|---|---|---|
| 003 | OSt | ||
| 005 | 20180116182716.0 | ||
| 008 | 160830b xxu||||| |||| 00| 0 eng d | ||
| 020 | _a0333748655 | ||
| 040 | _c0 | ||
| 082 | _a658.8 BAK 2000 | ||
| 100 | _aMichael J | ||
| 245 |
_aMarketing Strategy and Management _cMichael J |
||
| 250 | _a3rd | ||
| 260 |
_aLondon _bMacmillan _c2000 |
||
| 300 |
_a542 p. _b2000 |
||
| 440 | _aMarketing Strategy and Management | ||
| 942 |
_aNBS _cBK _k658.8 BAK 2000 _2ddc |
||
| 999 |
_c344557 _d344557 |
||